| 000 | 00954nas a2200289 4500 | ||
|---|---|---|---|
| 001 | BR2012003171 | ||
| 003 | BR-BrBNA | ||
| 005 | 20231205120632.0 | ||
| 007 | ta | ||
| 008 | 230509b bl.|||p| |||| 00| 00por d | ||
| 040 |
_aBR-BrBNA _bpor _cBiblioteca Nacional de Agricultura |
||
| 041 | _a(Pt) | ||
| 072 | _aJ11; Q03 | ||
| 100 | 1 | _aNascimento, V.R.G. | |
| 100 | 1 | _aQueiroz, M.R. de | |
| 100 | 1 | _aMarchi, V.C. | |
| 100 | 1 | _aAguiar, R.H. | |
| 245 | 1 | _aDesempenho de estratégias de aeração de milho armazenado: Fungos e condutividade elétrica | |
| 650 | _aFUSARIUM | ||
| 650 | _aCONTAMINAÇÃO FÚNGICA | ||
| 650 | _aUMIDADE | ||
| 650 | _aARMAZENAMENTO | ||
| 773 | 0 |
_tRevista Brasileira de Engenharia Agrícola e Ambiental (Brazil) _xISSN 1807-1929 _g(Jan 2012), v.16(1) p. 113-121 _wBR2012003171 |
|
| 856 | 4 | 0 | _uhttp://www.agriambi.com.br/revista/v16n01/v16n01a15.pdf |
| 909 |
_a202311 _bLúcia _c55 _dLúcia Elande |
||
| 942 |
_2AGRIS _n0 _cANA |
||
| 999 |
_c219493 _d219493 |
||